[Event "Augsburg 35th"]
[Site "Augsburg"]
[Date "2023.01.02"]
[Round "7"]
[White "Mack, Wolfgang"]
[Black "De Francesco, Klaus"]
[Result "1/2-1/2"]
[WhiteElo "2251"]
[BlackElo "2221"]
[PlyCount "24"]
[EventDate "2022.12.27"]
[EventType "tourn"]
[EventRounds "7"]
[EventCountry "GER"]
[SourceTitle "CBM 212 Extra"]
[Source "ChessBase"]
[SourceDate "2023.03.31"]
[SourceVersion "1"]
[SourceVersionDate "2023.03.31"]
[SourceQuality "1"]

1. c4 e5 2. g3 Nf6 3. Bg2 h6 4. d4 Bb4+ 5. Bd2 Bxd2+ 6. Qxd2 exd4 7. Qxd4 0-0 8. Nc3 Nc6 9. Qd2 d6 10. Nh3 Bf5 11. Nf4 Re8 12. 0-0 Ne4 1/2-1/2

[Event "Oberliga Wuerttemberg 2122"]
[Site "Wuerttemberg"]
[Date "2021.12.19"]
[Round "4.2"]
[White "Mack, Wolfgang"]
[Black "Dabo Peranic, Robert"]
[Result "1/2-1/2"]
[WhiteElo "2252"]
[BlackElo "2287"]
[PlyCount "59"]
[EventDate "2021.09.19"]
[EventType "team-tourn"]
[EventRounds "9"]
[EventCountry "GER"]
[SourceTitle "EXT 2023"]
[Source "ChessBase"]
[SourceDate "2022.10.05"]
[SourceVersion "1"]
[SourceVersionDate "2022.10.05"]
[SourceQuality "1"]
[WhiteTeam "Biberach"]
[BlackTeam "Deizisau II"]
[WhiteTeamCountry "GER"]
[BlackTeamCountry "GER"]

1. c4 e6 2. g3 d5 3. Nf3 c5 4. Bg2 Nc6 5. cxd5 exd5 6. d4 Nf6 7. 0-0 Be7 8. dxc5 Bxc5 9. a3 a5 10. Bg5 0-0 11. Nc3 d4 12. Ne4 Be7 13. Nxf6+ Bxf6 14. Bxf6 Qxf6 15. Qd2 Bg4 16. Rfe1 Rad8 17. h3 Bh5 18. Qg5 Qxg5 19. Nxg5 Rfe8 20. Kf1 f6 21. Nf3 Ne5 22. Nxe5 Rxe5 23. Bxb7 Rb5 24. Ba6 Rxb2 25. Rab1 Rxb1 26. Rxb1 Bg6 27. Rb3 Bc2 28. Bc4+ Kf8 29. Rb5 Rc8 30. Bd3 1/2-1/2

[Event "Oberliga Wuerttemberg 1819"]
[Site "Wuerttemberg"]
[Date "2018.11.11"]
[Round "3"]
[White "Mack, Wolfgang"]
[Black "Krockenberger, Martin"]
[Result "1/2-1/2"]
[WhiteElo "2187"]
[BlackElo "2191"]
[PlyCount "64"]
[EventDate "2018.09.23"]
[EventType "team-tourn"]
[EventRounds "9"]
[EventCountry "GER"]
[SourceTitle "EXT 2020"]
[Source "ChessBase"]
[SourceDate "2019.10.17"]
[SourceVersion "1"]
[SourceVersionDate "2019.10.17"]
[SourceQuality "1"]
[WhiteTeam "Biberach"]
[BlackTeam "Schmiden Cannstatt"]
[WhiteTeamCountry "GER"]
[BlackTeamCountry "GER"]

1. g3 e5 2. c4 Nf6 3. Bg2 c6 4. d4 Bb4+ 5. Bd2 Bxd2+ 6. Qxd2 d6 7. Nc3 0-0 8. Nf3 e4 9. Ng5 d5 10. e3 Na6 11. cxd5 cxd5 12. 0-0 h6 13. Nh3 g5 14. Rfc1 Nc7 15. Qc2 Bxh3 16. Bxh3 g4 17. Bf1 Ne6 18. h4 gxh3 19. Bxh3 Ng5 20. Bg2 Qd7 21. Ne2 Rac8 22. Qd1 Rxc1 23. Rxc1 Rc8 24. Nf4 Kg7 25. Rc5 b6 26. Rc2 Rxc2 27. Qxc2 Qb5 28. Qc7 Qxb2 29. Qe5 Qc1+ 30. Kh2 Qd1 31. Nxd5 Qh5+ 32. Kg1 Qd1+ 1/2-1/2

[Event "Oberliga Wuerttemberg 1819"]
[Site "Wuerttemberg"]
[Date "2018.09.23"]
[Round "1"]
[White "Mack, Wolfgang"]
[Black "Balacek, Tadeas"]
[Result "0-1"]
[WhiteElo "2187"]
[BlackElo "2291"]
[PlyCount "104"]
[EventDate "2018.09.23"]
[EventType "team-tourn"]
[EventRounds "9"]
[EventCountry "GER"]
[SourceTitle "EXT 2020"]
[Source "ChessBase"]
[SourceDate "2019.10.17"]
[SourceVersion "1"]
[SourceVersionDate "2019.10.17"]
[SourceQuality "1"]
[WhiteTeam "Biberach"]
[BlackTeam "Weiler im Allgaeu"]
[WhiteTeamCountry "GER"]
[BlackTeamCountry "GER"]

1. g3 d5 2. Bg2 Nf6 3. Nf3 c6 4. b3 Bf5 5. Bb2 e6 6. d3 h6 7. Nbd2 Be7 8. c4 0-0 9. h3 Nbd7 10. Qc2 a5 11. g4 Bg6 12. Ne5 Nxe5 13. Bxe5 a4 14. 0-0 h5 15. Qb2 hxg4 16. hxg4 a3 17. Qc3 Qb6 18. Bf3 Nd7 19. Rad1 Bb4 20. Qa1 Qa5 21. Nb1 Nxe5 22. Qxe5 Rfe8 23. Qg5 d4 24. Qxa5 Rxa5 25. Nd2 f5 26. Kg2 Kf7 27. Rh1 Kf6 28. Nf1 Raa8 29. Ng3 Rh8 30. gxf5 exf5 31. e4 dxe3 32. fxe3 Rxh1 33. Kxh1 Re8 34. e4 f4 35. Ne2 Bd6 36. Kg2 c5 37. Nc3 Bf7 38. d4 cxd4 39. Rxd4 Be5 40. Nd5+ Kg5 41. Rd3 Bh5 42. b4 Bxf3+ 43. Rxf3 Kg4 44. Rxa3 Rh8 45. Rd3 f3+ 46. Kg1 Kg3 47. Ne3 Bd4 48. Rxd4 f2+ 49. Kf1 Rh1+ 50. Ke2 Re1+ 51. Kd2 Rxe3 52. Kxe3 f1Q 0-1

[Event "Oberliga Wuerttemberg 1718"]
[Site "Wuerttemberg"]
[Date "2017.10.08"]
[Round "2"]
[White "Matt, Fabian"]
[Black "Mack, Wolfgang"]
[Result "1-0"]
[WhiteElo "2228"]
[BlackElo "2187"]
[PlyCount "101"]
[EventDate "2017.09.17"]
[EventType "team-tourn"]
[EventRounds "9"]
[EventCountry "GER"]
[SourceTitle "EXT 2019"]
[Source "ChessBase"]
[SourceDate "2018.10.10"]
[SourceVersion "1"]
[SourceVersionDate "2018.10.10"]
[SourceQuality "1"]
[WhiteTeam "Jedesheim"]
[BlackTeam "Biberach"]
[WhiteTeamCountry "GER"]
[BlackTeamCountry "GER"]

1. e4 g6 2. d4 Bg7 3. Nc3 c6 4. Nf3 d5 5. h3 dxe4 6. Nxe4 Nd7 7. c3 Ngf6 8. Bd3 Qc7 9. Nxf6+ Nxf6 10. 0-0 0-0 11. Bg5 c5 12. Re1 Be6 13. Qe2 c4 14. Bc2 b5 15. a4 a6 16. axb5 axb5 17. Be4 Ra5 18. Rxa5 Qxa5 19. Ne5 b4 20. Bxf6 Bxf6 21. Nc6 Qb6 22. d5 Bd7 23. Nxb4 Qc5 24. Qe3 Qb5 25. Ra1 e6 26. Ra7 Be7 27. d6 Bxd6 28. Qd2 Bxb4 29. cxb4 Qe5 30. Bf3 Bb5 31. Qc3 Qb8 32. Rb7 Qe8 33. Rc7 Qb8 34. Qe5 Rd8 35. Qc5 Ba6 36. g3 h5 37. Bxh5 Rc8 38. Rxc8+ Qxc8 39. Qxc8+ Bxc8 40. Bf3 Bd7 41. Kf1 Kf8 42. Ke2 e5 43. h4 Ke7 44. Kd2 Kd6 45. Kc3 f6 46. g4 Be8 47. h5 gxh5 48. gxh5 f5 49. h6 Bg6 50. Be2 Bh7 51. Kxc4 1-0

[Event "Oberliga Wuerttemberg 1718"]
[Site "Wuerttemberg"]
[Date "2017.09.17"]
[Round "1.5"]
[White "Mack, Wolfgang"]
[Black "Latzke, Boris Alexander"]
[Result "1-0"]
[WhiteElo "2187"]
[BlackElo "2217"]
[PlyCount "87"]
[EventDate "2017.09.17"]
[EventType "team-tourn"]
[EventRounds "9"]
[EventCountry "GER"]
[SourceTitle "EXT 2019"]
[Source "ChessBase"]
[SourceDate "2018.10.10"]
[SourceVersion "1"]
[SourceVersionDate "2018.10.10"]
[SourceQuality "1"]
[WhiteTeam "Biberach"]
[BlackTeam "Bebenhausen"]
[WhiteTeamCountry "GER"]
[BlackTeamCountry "GER"]

1. g3 d5 2. c4 c6 3. Nf3 Nf6 4. Bg2 Bg4 5. Ne5 Be6 6. cxd5 Bxd5 7. Nf3 c5 8. Nc3 Bc6 9. 0-0 e6 10. d3 Be7 11. e4 0-0 12. Qe2 Nbd7 13. Bf4 b5 14. Rfc1 Qb6 15. b3 a6 16. Bg5 Rfe8 17. e5 Nd5 18. Bxe7 Nxe7 19. Ne4 Bxe4 20. Qxe4 Nd5 21. Ng5 Nf8 22. Qg4 h6 23. Ne4 Nd7 24. Qh5 Red8 25. Kh1 Ra7 26. f4 Ne3 27. Bh3 Rc7 28. Qe2 Nd5 29. Nd6 Nf8 30. Bg2 Ne7 31. a4 Nf5 32. Ne4 Nd4 33. Qb2 bxa4 34. Rxa4 Qxb3 35. Qxb3 Nxb3 36. Rc3 c4 37. Nd6 cxd3 38. Rxc7 d2 39. Bf3 Nd7 40. Bd1 Ndc5 41. Rb4 g5 42. Rxb3 Nxb3 43. Bxb3 Rb8 44. Rc8+ 1-0

[Event "Guernsey op 41st"]
[Site "Vale"]
[Date "2015.10.24"]
[Round "7"]
[White "Magnussen, Pal"]
[Black "Mack, Wolfgang"]
[Result "1/2-1/2"]
[WhiteElo "1987"]
[BlackElo "2223"]
[PlyCount "94"]
[EventDate "2015.10.18"]
[EventType "swiss"]
[EventRounds "7"]
[EventCountry "GCI"]
[SourceTitle "CBM 168 Extra"]
[Source "ChessBase"]
[SourceDate "2015.10.29"]
[SourceVersion "1"]
[SourceVersionDate "2015.10.29"]
[SourceQuality "1"]

1. e4 g6 2. d4 Bg7 3. Nf3 d6 4. h3 Nd7 5. Nc3 a6 6. a4 b6 7. Be2 Bb7 8. Be3 e6 9. 0-0 Ne7 10. Qd2 h6 11. Rfe1 Kf8 12. Rad1 Kg8 13. Nh2 f5 14. exf5 Nxf5 15. Bc4 d5 16. Ba2 c5 17. Nf3 Kh7 18. g4 Nh4 19. Nh2 Qf6 20. f4 Rhf8 21. Rf1 cxd4 22. Bxd4 Qxd4+ 23. Qxd4 Bxd4+ 24. Rxd4 g5 25. Ne2 gxf4 26. Rdxf4 Rxf4 27. Nxf4 Rf8 28. Nxe6 Rxf1+ 29. Kxf1 Nc5 30. Nxc5 bxc5 31. Kf2 a5 32. Nf3 Ng6 33. c3 Kg7 34. Ke3 Kf6 35. h4 Bc6 36. Bb3 Nf8 37. Bc2 Nd7 38. Kf4 Nb6 39. g5+ hxg5+ 40. hxg5+ Kg7 41. b3 c4 42. Nd4 cxb3 43. Ne6+ Kg8 44. Bxb3 Bxa4 45. Ba2 Bb5 46. Ke5 a4 47. Nd4 Bc4 1/2-1/2

[Event "Guernsey op 41st"]
[Site "Vale"]
[Date "2015.10.21"]
[Round "4"]
[White "Mack, Wolfgang"]
[Black "Rosen, Daniel B"]
[Result "1/2-1/2"]
[WhiteElo "2223"]
[BlackElo "2063"]
[PlyCount "60"]
[EventDate "2015.10.18"]
[EventType "swiss"]
[EventRounds "7"]
[EventCountry "GCI"]
[SourceTitle "EXT 2017"]
[Source "ChessBase"]
[SourceDate "2016.10.25"]
[SourceVersion "1"]
[SourceVersionDate "2016.10.25"]
[SourceQuality "1"]

1. c4 e5 2. g3 Nc6 3. Nc3 d6 4. Nf3 Be7 5. d4 Nf6 6. Bg2 0-0 7. 0-0 Bg4 8. d5 Nb8 9. h3 Bxf3 10. exf3 Nbd7 11. Be3 Nh5 12. f4 exf4 13. Bd2 g6 14. Bf3 Ng7 15. Bxf4 Bg5 16. Bd2 f5 17. Qc1 Bxd2 18. Qxd2 f4 19. Qd4 Ne5 20. Bd1 fxg3 21. fxg3 Qg5 22. Ne4 Rxf1+ 23. Kxf1 Rf8+ 24. Kg2 Qh6 25. Qd2 Qxd2+ 26. Nxd2 Nf5 27. Be2 Nd4 28. Re1 Nc2 29. Rb1 Nd4 30. Re1 Nc2 1/2-1/2

[Event "Guernsey op 41st"]
[Site "Vale"]
[Date "2015.10.20"]
[Round "3"]
[White "Purdon, Colin"]
[Black "Mack, Wolfgang"]
[Result "1/2-1/2"]
[WhiteElo "2042"]
[BlackElo "2223"]
[PlyCount "85"]
[EventDate "2015.10.18"]
[EventType "swiss"]
[EventRounds "7"]
[EventCountry "GCI"]
[SourceTitle "CBM 168 Extra"]
[Source "ChessBase"]
[SourceDate "2015.10.29"]
[SourceVersion "1"]
[SourceVersionDate "2015.10.29"]
[SourceQuality "1"]

1. d4 d5 2. c4 dxc4 3. e4 e6 4. Bxc4 c5 5. d5 exd5 6. exd5 Nf6 7. Nf3 Bd6 8. 0-0 0-0 9. Bg5 h6 10. Bh4 Bg4 11. Nc3 Nbd7 12. Ne4 Be5 13. Qb3 Bxf3 14. Qxf3 Qb6 15. Nxf6+ Nxf6 16. Rab1 Qd6 17. Bxf6 Bxf6 18. b3 Rfe8 19. Rfe1 Rab8 20. a4 a6 21. g3 g6 22. Re4 Kg7 23. Rbe1 Rxe4 24. Qxe4 b5 25. axb5 axb5 26. Bf1 Rb7 27. Qe8 b4 28. Bc4 Bd4 29. Re2 Ra7 30. Kg2 Qf6 31. Qe4 h5 32. h4 Rd7 33. Qf3 Qd8 34. Ra2 Rd6 35. Qe4 Rd7 36. Qf4 Qf6 37. Qxf6+ Kxf6 38. Ra6+ Ke7 39. Rc6 Rd6 40. Ra6 Rd7 41. d6+ Kf6 42. Bb5 Rd8 43. Rc6 1/2-1/2

[Event "Guernsey op 40th"]
[Site "Vale"]
[Date "2014.10.25"]
[Round "7"]
[White "Hallerod, Ralph"]
[Black "Mack, Wolfgang"]
[Result "0-1"]
[WhiteElo "2115"]
[BlackElo "2219"]
[PlyCount "48"]
[EventDate "2014.10.19"]
[EventType "swiss"]
[EventRounds "7"]
[EventCountry "GCI"]
[SourceTitle "EXT 2016"]
[Source "ChessBase"]
[SourceDate "2015.10.08"]
[SourceVersion "1"]
[SourceVersionDate "2015.10.08"]
[SourceQuality "1"]

1. d4 d5 2. c4 Nc6 3. Nf3 Bg4 4. cxd5 Bxf3 5. dxc6 Bxc6 6. Nc3 Nf6 7. f3 e5 8. dxe5 Nd7 9. Bf4 Bb4 10. e6 fxe6 11. Qb3 Qe7 12. e4 Nc5 13. Qc2 0-0-0 14. Bd2 Ba4 15. b3 Qh4+ 16. g3 Qf6 17. 0-0-0 Rxd2 18. Rxd2 Bxc3 19. bxa4 Bxd2+ 20. Kxd2 Qxf3 21. Qxc5 Rd8+ 22. Bd3 Rxd3+ 23. Kc2 Rd6 24. Qb5 Qxe4+ 0-1

[Event "Guernsey op 40th"]
[Site "Vale"]
[Date "2014.10.20"]
[Round "2"]
[White "Mack, Wolfgang"]
[Black "Shaw, Meyrick"]
[Result "1-0"]
[WhiteElo "2219"]
[BlackElo "1964"]
[PlyCount "115"]
[EventDate "2014.10.19"]
[EventType "swiss"]
[EventRounds "7"]
[EventCountry "GCI"]
[SourceTitle "EXT 2016"]
[Source "ChessBase"]
[SourceDate "2015.10.08"]
[SourceVersion "1"]
[SourceVersionDate "2015.10.08"]
[SourceQuality "1"]

1. g3 Nf6 2. Bg2 d5 3. c4 c6 4. Nf3 Bf5 5. Qa4 Nbd7 6. cxd5 Nxd5 7. d3 e5 8. 0-0 Be7 9. Bd2 0-0 10. Nc3 Re8 11. Qc2 N5b6 12. Rfd1 Nc4 13. Be1 Nd6 14. e4 Bg6 15. d4 exd4 16. Rxd4 Qb6 17. Rad1 Nc5 18. Ne5 Bf6 19. Nxg6 Bxd4 20. Rxd4 Ncxe4 21. Rxe4 Nxe4 22. Nxe4 hxg6 23. Bd2 Rad8 24. Be3 Qa5 25. Nc3 Qh5 26. Be4 Re6 27. Kg2 Rde8 28. Bf3 Qf5 29. Qxf5 gxf5 30. Bxa7 g5 31. h3 Kg7 32. Be3 Kg6 33. Bb6 Re1 34. a4 Rh8 35. a5 Ra1 36. b4 Re8 37. Nd1 Rb1 38. Bc5 Rd8 39. Ne3 Rc1 40. g4 fxg4 41. hxg4 Rd2 42. Nf5 Ra2 43. Bd4 Re1 44. Nd6 Rd2 45. Bc3 Rxd6 46. Bxe1 Rd4 47. Kf1 f5 48. gxf5+ Kxf5 49. b5 cxb5 50. Bxb7 b4 51. a6 b3 52. Bc3 Ra4 53. Ke2 b2 54. Bxb2 Ra2 55. Kf3 Rxb2 56. Be4+ Ke5 57. a7 Rb3+ 58. Kg4 1-0

[Event "Augsburg op"]
[Site "Augsburg"]
[Date "2013.12.30"]
[Round "7"]
[White "Mack, Wolfgang"]
[Black "Knipfer, Andreas"]
[Result "1-0"]
[WhiteElo "2254"]
[BlackElo "1698"]
[PlyCount "51"]
[EventDate "2013.12.27"]
[EventType "swiss"]
[EventRounds "7"]
[EventCountry "GER"]
[SourceTitle "CBM 158 Extra"]
[Source "ChessBase"]
[SourceDate "2014.02.28"]
[SourceVersion "1"]
[SourceVersionDate "2014.02.28"]
[SourceQuality "1"]

1. c4 c5 2. g3 g6 3. Bg2 Bg7 4. Nc3 Nc6 5. a3 e6 6. Rb1 Nge7 7. b4 d6 8. Nf3 0-0 9. 0-0 Rb8 10. e3 Nf5 11. Qc2 cxb4 12. axb4 a5 13. bxa5 Nxa5 14. Nb5 d5 15. cxd5 exd5 16. Ba3 Re8 17. Bb2 Bxb2 18. Qxb2 b6 19. Nfd4 Ne7 20. Rfc1 Rb7 21. Qb4 Nf5 22. Rxc8 Qxc8 23. Nxf5 Qxf5 24. Nd6 Nc6 25. Nxf5 Nxb4 26. Nd6 1-0

[Event "Augsburg op"]
[Site "Augsburg"]
[Date "2013.12.29"]
[Round "5"]
[White "Mack, Wolfgang"]
[Black "Bachhuber, Dominik"]
[Result "0-1"]
[WhiteElo "2254"]
[BlackElo "1893"]
[PlyCount "82"]
[EventDate "2013.12.27"]
[EventType "swiss"]
[EventRounds "7"]
[EventCountry "GER"]
[SourceTitle "CBM 158 Extra"]
[Source "ChessBase"]
[SourceDate "2014.02.28"]
[SourceVersion "1"]
[SourceVersionDate "2014.02.28"]
[SourceQuality "1"]

1. c4 Nf6 2. g3 g6 3. Bg2 Bg7 4. Nc3 c5 5. e4 d6 6. Nge2 Nc6 7. d3 0-0 8. h3 e6 9. Be3 Ne7 10. 0-0 a6 11. Rb1 Rb8 12. b4 Qc7 13. b5 Nd7 14. Qb3 Nb6 15. Rfc1 f5 16. Nf4 e5 17. Nfe2 Be6 18. Nd5 Nexd5 19. cxd5 Bf7 20. Bd2 axb5 21. Qxb5 Nd7 22. Nc3 b6 23. Qc4 Nf6 24. Rb2 Rb7 25. Rcb1 Ra8 26. a4 Be8 27. Bf3 Qd8 28. Bd1 Bd7 29. Kh2 Ne8 30. Nb5 Bf8 31. Qc1 f4 32. g4 Qh4 33. Kg1 h5 34. f3 Qg3+ 35. Kf1 Qxh3+ 36. Kg1 hxg4 37. Be1 g3 38. Rg2 Bxb5 39. Rxb5 Rh7 40. Kf1 Be7 41. Qb2 Rxa4 0-1

[Event "Augsburg op"]
[Site "Augsburg"]
[Date "2013.12.29"]
[Round "6"]
[White "Rudolph, Max"]
[Black "Mack, Wolfgang"]
[Result "0-1"]
[WhiteElo "1599"]
[BlackElo "2254"]
[PlyCount "80"]
[EventDate "2013.12.27"]
[EventType "swiss"]
[EventRounds "7"]
[EventCountry "GER"]
[SourceTitle "CBM 158 Extra"]
[Source "ChessBase"]
[SourceDate "2014.02.28"]
[SourceVersion "1"]
[SourceVersionDate "2014.02.28"]
[SourceQuality "1"]

1. e4 g6 2. d4 Bg7 3. Nc3 d6 4. f4 a6 5. Nf3 b5 6. a3 Nd7 7. Be3 Bb7 8. Bd3 c5 9. dxc5 Nxc5 10. Bxc5 dxc5 11. e5 Nh6 12. 0-0 Qb6 13. Kh1 0-0 14. Qe2 Rad8 15. Rad1 f6 16. Be4 Rxd1 17. Rxd1 fxe5 18. Nxe5 Bxe5 19. fxe5 Bxe4 20. Qxe4 Qe6 21. Qd5 Qxd5 22. Nxd5 Ng4 23. Kg1 Nxe5 24. Nxe7+ Kf7 25. Nd5 Nc4 26. Rf1+ Kg7 27. Rxf8 Kxf8 28. Nc7 Ke7 29. Nxa6 Kd6 30. b4 Nxa3 31. bxc5+ Kc6 32. Kf2 Nxc2 33. Ke2 Nd4+ 34. Ke3 Ne6 35. Nb4+ Kxc5 36. Nd3+ Kc4 37. Kd2 Kd4 38. Nb4 Nf4 39. g3 Nd5 40. Nd3 Ke4 0-1

[Event "Augsburg op"]
[Site "Augsburg"]
[Date "2013.12.27"]
[Round "2"]
[White "Mack, Wolfgang"]
[Black "Wiedemann, Manfred"]
[Result "1-0"]
[WhiteElo "2254"]
[BlackElo "1791"]
[PlyCount "55"]
[EventDate "2013.12.27"]
[EventType "swiss"]
[EventRounds "7"]
[EventCountry "GER"]
[SourceTitle "CBM 158 Extra"]
[Source "ChessBase"]
[SourceDate "2014.02.28"]
[SourceVersion "1"]
[SourceVersionDate "2014.02.28"]
[SourceQuality "1"]

1. c4 c5 2. g3 Nc6 3. Bg2 e6 4. Nf3 Nf6 5. 0-0 d5 6. cxd5 exd5 7. d4 cxd4 8. Nxd4 Bc5 9. Nb3 Bb6 10. Nc3 Be6 11. Na4 Bc7 12. Nac5 b6 13. Nxe6 fxe6 14. Bg5 0-0 15. Rc1 Ne7 16. Nd4 Qd7 17. Bh3 Nf5 18. Rxc7 Qxc7 19. Nxe6 Qe5 20. Nxf8 Rxf8 21. Bf4 Qe6 22. Qd3 Ne4 23. Rd1 g5 24. Qxd5 Qxd5 25. Rxd5 Ne7 26. Re5 Nxf2 27. Rxg5+ Kf7 28. Kxf2 1-0

[Event "Rilton Cup 42nd"]
[Site "Stockholm"]
[Date "2013.01.02"]
[Round "6"]
[White "Mack, Wolfgang"]
[Black "Bryntze, Stefan"]
[Result "0-1"]
[WhiteElo "2306"]
[BlackElo "2193"]
[PlyCount "86"]
[EventDate "2012.12.27"]
[EventType "swiss"]
[EventRounds "9"]
[EventCountry "SWE"]
[SourceTitle "CBM 152 Extra"]
[Source "ChessBase"]
[SourceDate "2013.02.25"]
[SourceVersion "1"]
[SourceVersionDate "2013.02.25"]
[SourceQuality "1"]

1. c4 e6 2. g3 f5 3. Bg2 Nf6 4. Nf3 b6 5. 0-0 Bb7 6. d3 Be7 7. e4 fxe4 8. Ng5 0-0 9. Nc3 Nc6 10. Ngxe4 Qe8 11. d4 Nxe4 12. Nxe4 Qg6 13. Nc3 Na5 14. b3 Rf7 15. Qe2 Bxg2 16. Kxg2 Raf8 17. f4 Bf6 18. Be3 c5 19. Qd2 d6 20. Rad1 Nc6 21. Nb5 cxd4 22. Nxd4 Nxd4 23. Bxd4 e5 24. Be3 Qe4+ 25. Kg1 Be7 26. Rfe1 Qg6 27. Qd5 exf4 28. Bxf4 Kh8 29. Qe6 Qc2 30. Rd2 Qc3 31. Rde2 h6 32. Qd5 Bf6 33. Rd1 Re7 34. Rxe7 Bxe7 35. Qe6 Bf6 36. Qxd6 Rd8 37. Qxd8+ Bxd8 38. Rxd8+ Kh7 39. Rd7 Qe1+ 40. Kg2 Qe2+ 41. Kg1 Qxa2 42. Be5 Qb1+ 43. Kf2 Qf5+ 0-1

[Event "Rilton Cup 42nd"]
[Site "Stockholm"]
[Date "2012.12.29"]
[Round "3"]
[White "Andriyanov, Ivan"]
[Black "Mack, Wolfgang"]
[Result "1-0"]
[WhiteElo "2010"]
[BlackElo "2306"]
[PlyCount "121"]
[EventDate "2012.12.27"]
[EventType "swiss"]
[EventRounds "9"]
[EventCountry "SWE"]
[SourceTitle "CBM 152 Extra"]
[Source "ChessBase"]
[SourceDate "2013.02.25"]
[SourceVersion "1"]
[SourceVersionDate "2013.02.25"]
[SourceQuality "1"]

1. d4 g6 2. c4 Bg7 3. g3 d5 4. Nf3 dxc4 5. Bg2 Nf6 6. 0-0 0-0 7. Na3 Nc6 8. Nxc4 Bg4 9. e3 Qd5 10. b3 Qh5 11. Ncd2 Rad8 12. Qc2 Bh3 13. Bb2 Ng4 14. Nc4 Rd5 15. Qe4 Rfd8 16. Rac1 e6 17. Nh4 Nf6 18. Qc2 Bxg2 19. Kxg2 g5 20. Nf3 Rf5 21. Qe2 Ne4 22. Rcd1 Bf6 23. h3 g4 24. hxg4 Qxg4 25. Ng1 Qg6 26. Nh3 Kh8 27. Nf4 Qg7 28. Nd2 Nxd2 29. Rxd2 Qg5 30. Rh1 Qg7 31. Nh5 Qg6 32. Nxf6 Rxf6 33. d5 exd5 34. Bxf6+ Qxf6 35. Qh5 Qg6 36. Rxd5 Qe4+ 37. f3 Qc2+ 38. Kh3 Rxd5 39. Qxd5 Kg7 40. Qg5+ Kf8 41. Rh2 Qd3 42. Qf4 Qd7+ 43. Qg4 Qd3 44. Qe4 Qd7+ 45. g4 Qd1 46. Kg2 Qd2+ 47. Kg3 Qd6+ 48. f4 Qd1 49. Rxh7 Qe1+ 50. Kh3 Ne7 51. Rh8+ Ng8 52. g5 Qf1+ 53. Kg4 Qd1+ 54. Qf3 Qg1+ 55. Kh3 Kg7 56. Rh4 Ne7 57. f5 Nc6 58. f6+ Kg8 59. g6 Ne5 60. Rh8+ Kxh8 61. Qh5+ 1-0

[Event "Guernsey op 38th"]
[Site "Guernsey"]
[Date "2012.10.23"]
[Round "3"]
[White "Mack, Wolfgang"]
[Black "Narciso Dublan, Marc"]
[Result "1/2-1/2"]
[WhiteElo "2283"]
[BlackElo "2535"]
[PlyCount "104"]
[EventDate "2012.10.21"]
[EventType "swiss"]
[EventRounds "7"]
[EventCountry "GCI"]
[SourceTitle "EXT 2013"]
[Source "ChessBase"]
[SourceDate "2012.11.22"]
[SourceVersion "1"]
[SourceVersionDate "2012.11.22"]
[SourceQuality "1"]

1. c4 e6 2. g3 d5 3. Bg2 g6 4. Nf3 Bg7 5. 0-0 Nf6 6. Qa4+ Nbd7 7. d3 0-0 8. cxd5 exd5 9. Nc3 c5 10. Qh4 d4 11. Nb5 Qb6 12. a4 Ne8 13. b4 cxb4 14. Bb2 Nd6 15. Nxd6 Qxd6 16. Bxd4 Re8 17. Bxg7 Kxg7 18. e3 a5 19. Ng5 Nf8 20. Qh6+ Kg8 21. d4 Ra6 22. Rfc1 b3 23. Rab1 Rb6 24. Rc5 b2 25. Bd5 Be6 26. Bxe6 fxe6 27. Ne4 Qd8 28. Rc2 Nd7 29. Rcxb2 Rxb2 30. Rxb2 Qc7 31. Rb5 Qc1+ 32. Kg2 Qc6 33. Qh4 b6 34. Kh3 Qc4 35. Rb1 e5 36. Nf6+ Nxf6 37. Qxf6 Qxa4 38. Rxb6 Qd7+ 39. Kg2 exd4 40. Qxd4 Qxd4 41. exd4 Rd8 42. Ra6 Rxd4 43. Rxa5 Rd7 44. h4 h5 45. Rg5 Kh7 46. g4 hxg4 47. Rxg4 Kh6 48. Rg5 Rd3 49. f3 Rd4 50. Kg3 Ra4 51. f4 Ra3+ 52. Kg4 Ra1 1/2-1/2

[Event "Oberliga Wuerttemberg 1112"]
[Site "Wuerttemberg"]
[Date "2012.02.26"]
[Round "7.1"]
[White "Grill, Bernd"]
[Black "Mack, Wolfgang"]
[Result "1-0"]
[WhiteElo "2263"]
[BlackElo "2279"]
[PlyCount "80"]
[EventDate "2011.10.09"]
[EventType "team-tourn"]
[EventRounds "9"]
[EventCountry "GER"]
[SourceTitle "EXT 2019"]
[Source "ChessBase"]
[SourceDate "2018.10.10"]
[SourceVersion "1"]
[SourceVersionDate "2018.10.10"]
[SourceQuality "1"]
[WhiteTeam "Ebersbach"]
[BlackTeam "Biberach"]
[WhiteTeamCountry "GER"]
[BlackTeamCountry "GER"]

1. d4 f5 2. c4 Nf6 3. g3 d6 4. Bg2 g6 5. Nc3 Bg7 6. Nh3 c6 7. d5 Bd7 8. Nf4 Qa5 9. Bd2 Qc5 10. b3 Ng4 11. e3 cxd5 12. Bxd5 Qc8 13. Rc1 Nc6 14. Nb5 Nd8 15. Ba5 Bxb5 16. cxb5 Qd7 17. Qe2 Rc8 18. 0-0 b6 19. Bd2 Ne5 20. Rxc8 Qxc8 21. Rc1 Qd7 22. Bc3 Kf8 23. Bxe5 Bxe5 24. Bc6 Qc8 25. Qc4 Bxf4 26. exf4 Nxc6 27. bxc6 Qc7 28. b4 Rg8 29. Qe6 Kg7 30. b5 Re8 31. Re1 Kf8 32. Kg2 a6 33. a4 Qc8 34. Qd5 axb5 35. axb5 Qa8 36. h4 Qa3 37. Qd4 e5 38. fxe5 dxe5 39. Rxe5 Rxe5 40. Qxe5 Qb4 1-0

[Event "Guernsey op 37th"]
[Site "Guernsey"]
[Date "2011.10.20"]
[Round "5"]
[White "Mack, Wolfgang"]
[Black "Brookes, Christopher"]
[Result "1-0"]
[WhiteElo "2279"]
[BlackElo "2122"]
[PlyCount "79"]
[EventDate "2011.10.16"]
[EventType "swiss"]
[EventRounds "7"]
[EventCountry "GCI"]
[SourceTitle "EXT 2012"]
[Source "ChessBase"]
[SourceDate "2011.11.24"]
[SourceVersion "1"]
[SourceVersionDate "2011.11.24"]
[SourceQuality "1"]

1. c4 e5 2. g3 Nf6 3. Bg2 c6 4. d4 exd4 5. Qxd4 d5 6. Nc3 Be6 7. cxd5 cxd5 8. Bg5 Nc6 9. Qa4 Bb4 10. Nf3 h6 11. Bxf6 Qxf6 12. 0-0 0-0 13. Rac1 Rac8 14. a3 Be7 15. e3 Rfd8 16. Rfd1 a6 17. Nd4 Nxd4 18. Rxd4 Qf5 19. Rcd1 Bf6 20. R4d3 d4 21. Be4 Qh5 22. exd4 Rc4 23. Qb3 b5 24. d5 Bf5 25. Bxf5 Qxf5 26. a4 Bxc3 27. axb5 Be1 28. Rxe1 axb5 29. d6 Rb4 30. Qc3 Rxb2 31. Rf3 Qc2 32. Qc7 Qxc7 33. dxc7 Rc8 34. Re7 Rc2 35. Rfxf7 g5 36. Rg7+ Kf8 37. Ref7+ Ke8 38. Rh7 Rc6 39. Rd7 b4 40. Rd8+ 1-0

[Event "Guernsey op 37th"]
[Site "Guernsey"]
[Date "2011.10.19"]
[Round "4"]
[White "Taylor, Mark V"]
[Black "Mack, Wolfgang"]
[Result "0-1"]
[WhiteElo "2131"]
[BlackElo "2279"]
[PlyCount "50"]
[EventDate "2011.10.16"]
[EventType "swiss"]
[EventRounds "7"]
[EventCountry "GCI"]
[SourceTitle "EXT 2012"]
[Source "ChessBase"]
[SourceDate "2011.11.24"]
[SourceVersion "1"]
[SourceVersionDate "2011.11.24"]
[SourceQuality "1"]

1. d4 g6 2. e4 Bg7 3. Nf3 d6 4. Be2 Nc6 5. c3 Nf6 6. Nbd2 0-0 7. 0-0 e5 8. Re1 Re8 9. Bf1 exd4 10. cxd4 Bg4 11. Qc2 d5 12. e5 Ne4 13. Be2 Nxd2 14. Qxd2 f6 15. h3 Bf5 16. Bb5 Be4 17. exf6 Qxf6 18. Ne5 Nxe5 19. Bxe8 Nc4 20. Qc3 Rxe8 21. f3 Rf8 22. Rxe4 dxe4 23. Qxc4+ Kh8 24. Be3 exf3 25. Rf1 Qe7 0-1